Loading...
| Mythology | 0 | 7 | 2 | 0 | 60 | 50 | 65.57 | 0 | 3 | 27.65 | 40.43 |
| Fine Arts - Other | 0 | 6 | 1 | 2 | 55 | 63 | 89.50 | 1 | 1 | 11.77 | 27.37 |
| Fine Arts - Classical Music | 0 | 6 | 1 | 1 | 55 | 41 | 82.17 | 0 | 3 | 16.81 | 27.23 |
| Fine Arts - Painting and Sculpture | 0 | 5 | 0 | 2 | 50 | 23 | 69.00 | 0 | 1 | 19.08 | 26.75 |
| History - American | 0 | 4 | 0 | 1 | 40 | 11 | 52.75 | 1 | 1 | 18.61 | 17.52 |
| History - European | 0 | 4 | 0 | 0 | 40 | 21 | 40.50 | 0 | 1 | 22.75 | 16.89 |
| History - Other | 0 | 4 | 1 | 1 | 35 | 27 | 63.75 | 0 | 1 | 16.07 | 21.82 |
| Religion | 0 | 4 | 1 | 0 | 35 | 61 | 85.00 | 0 | 1 | 9.74 | 15.95 |
| Literature - European | 0 | 3 | 0 | 0 | 30 | 35 | 46.67 | 0 | 3 | 16.57 | 22.66 |
| History - World | 0 | 3 | 1 | 1 | 25 | 26 | 48.67 | 0 | 2 | 14.37 | 17.69 |
| Popular Culture | 0 | 2 | 0 | 0 | 20 | 51 | 63.00 | 1 | 1 | 14.83 | 26.67 |
| Geography | 0 | 2 | 0 | 1 | 20 | 78 | 86.50 | 0 | 0 | 7.38 | 21.06 |
| Literature - British | 0 | 2 | 1 | 0 | 15 | 42 | 43.50 | 0 | 1 | 11.31 | 11.07 |
| Philosophy | 0 | 1 | 0 | 1 | 10 | 102 | 102.00 | 0 | 0 | 0.00 | 1.25 |
| Science - Chemistry | 0 | 1 | 0 | 0 | 10 | 74 | 74.00 | 0 | 0 | 2.56 | 3.31 |
| Science - Other | 0 | 1 | 0 | 0 | 10 | 42 | 42.00 | 1 | 1 | 6.24 | 7.58 |
| Social Science | 0 | 1 | 0 | 0 | 10 | 85 | 85.00 | 0 | 0 | 2.45 | 5.56 |
| Literature - World | 0 | 1 | 1 | 0 | 5 | 61 | 61.00 | 0 | 0 | 4.27 | 3.64 |
| Literature - American | 0 | 1 | 2 | 0 | 0 | 53 | 53.00 | 0 | 1 | 4.90 | 6.61 |